000 00718nam a2200241 i 4500
001 bg
100 1 _aCHUCHLA, Zdzisław
245 1 0 _aMorski statek transportowy :
_beksploatacja i elementy zarządzania /
_cZdzisław Chuchla.
260 _aGdynia :
_bWydaw. Akademii Morskiej,
_c2004.
300 _a219 s. :
_bfaks., rys. ;
_c25 cm.
504 _aBibliogr. s. 144-146.
650 9 _aPorty
_xeksploatacja
650 9 _aStatki
_xobsługa i eksploatacja
655 _aPodręczniki akademickie
015 _aPB 1870/2005
020 _a8387875945
040 _cBPK
041 0 _apol
080 _a629.54:629.5.08](075.8)
920 _a83-87875-94-5
942 _cKS
008 s pl f |000 0 pol
999 _c46703
_d46703
856 _uhttp://koha.tu.koszalin.pl/cgi-bin/koha/opac-detail.pl?biblionumber=46703
_yKatalog online BPK